| 000 | 00816nam a2200241 a 4500 | ||
|---|---|---|---|
| 005 | 20210323100625.0 | ||
| 008 | 120830s2015 enk |||gr|||| 00| 0 eng d | ||
| 020 | _a9781107666801 (2a.Ed.) | ||
| 040 |
_aCO-BoUCM _bspa _cDeissy Garcia _dDeissy Garcia |
||
| 041 | _aeng | ||
| 060 | _aBF 100 | ||
| 100 | 1 |
_aGreenwood, John D _9102432 |
|
| 245 | 1 | 2 |
_a A conceptual history of psychology _bexploring the tangled web _cJohn D. Greenwood |
| 250 | _a2a.Ed. | ||
| 260 |
_bCambridge _aCambridge University Press _c2015 |
||
| 300 | _ax, 562 páginas | ||
| 504 | _aIncluye referencias bibliográficas | ||
| 650 | 7 |
_941750 _aPsicología _xHistoria |
|
| 650 | 7 |
_aConductismo (Psicología) _911546 |
|
| 650 | 7 |
_aPsicología social _922856 |
|
| 942 |
_cLIBRORESER _2NLM _a9 _e2 _hBF 100 _mG816c _n0 |
||
| 999 |
_c318610 _d318610 |
||